Các loài động vật quý hiếm ưu tiên bảo vệ ở Việt Nam

Giới thiệu thú rừng nguy cấp, quý, hiếm ở Việt Nam; Chim rừng nguy cấp, quý, hiếm ở Việt Nam; Bò sát, ếch nhái rừng nguy cấp, quý, hiếm ở Việt Nam

Đã lưu trong:
Bibliografiske detaljer
Hovedforfatter: Đồng, Thanh Hải
Format: Bog
Sprog:Undetermined
Udgivet: Hà Nội Nông nghiệp 2016
Fag:
Tags: Tilføj Tag
Ingen Tags, Vær først til at tagge denne postø!
Thư viện lưu trữ: Trung tâm Học liệu Trường Đại học Cần Thơ
LEADER 00861nam a2200193Ia 4500
001 CTU_224627
008 210402s9999 xx 000 0 und d
082 |a 333.9542 
082 |b H103 
100 |a Đồng, Thanh Hải 
245 0 |a Các loài động vật quý hiếm ưu tiên bảo vệ ở Việt Nam 
245 0 |c Đồng Thanh Hải (Chủ biên) 
260 |a Hà Nội 
260 |b Nông nghiệp 
260 |c 2016 
520 |a Giới thiệu thú rừng nguy cấp, quý, hiếm ở Việt Nam; Chim rừng nguy cấp, quý, hiếm ở Việt Nam; Bò sát, ếch nhái rừng nguy cấp, quý, hiếm ở Việt Nam 
650 |a Wildlife management,Quản lý động vật hoang dã 
910 |b nthai 
980 |a Trung tâm Học liệu Trường Đại học Cần Thơ